01513nam a2200301 i 4500003000900000005001700009007000300026008004100029020001500070040003000085082002100115100003100136240003200167245007400199250002100273264005600294264001000350300002800360336002700388337003300415338002800448500006200476520052700538534005801065650002601123650003001149700003201179DO-SdBNP20240625152721.0ta240625s1998 sp 000 f spa d a8440685602 aDO-SdBNPbspacBNPHUerda 4a813.5bB812d2221 aBrady, Joan,d1939-eautor10aGod on a harley.lEspañol10aDios vuelve en una harley /cJoan Brady ; traducción, Rosa Arruti. anovena edición 1aBarcelona, España :bEdiciones B, grupo Z,c1998. 3c2000. a172 páginas ;c18 cm. 2rdacontentatextobtxt 2rdamediaasin mediaciónbn 2rdacarrieravolumenbnc aLa biblioteca posee la 2a. reimpresión de febrero 2000. aCon treinta y siete años y una fgura que no se ajusta a los cánones de belleza, Christine tiene pocas esperanzas de encontrar al hombre con quien compartir su futuro. Lo que no sabe es que Dios ha vuelto a la tierra para entregarle unas simples reglas de vida acordes con nuestro tiempo que harán de ella una mujer distinta y libre. Aunque vista de cuero y cabalgue en una moto, Christine descubre que la felicidad empieza y acaba en ella misma. La singular prosa de Joan Brady hará reír y llorar a los lectores. pTítulo original en inglés:tGod on a harleyc1995 4aNovela estadounidense 4aLiteratura estadounidense1 aArruti, Rosa,etraducción